000 00760nam a2200265Ia 4500
001 4897
005 20240113233806.0
007 ta
008 050615s1971 g b000 u hin u
020 _cHB
040 _aCotton College Assam
041 _ahin
082 _a891.432
_bM 896 D
100 _aMukherjee, Sukhamoy .
245 0 _aDinarkarajakumara-Hemalekham /
_cSukhamoy Mukherjee.
_hTextual Documents
250 _a1st ed. /
260 _aDelhi :
_bMotilal Banarsidass Publishers ,
_c1971.
300 _a183p. ;
_c22cm..
500 _aDinarkarajakumara-Hemalekham : A Sanskrit Version of William Shakespeare`s Hamlet
653 _aHindi drama
653 _aGen-Hindi
942 _2ddc
_cBK
999 _c4884
_d4884